| 000 | 01252nam a22002537a 4500 | ||
|---|---|---|---|
| 999 |
_c66209 _d66209 |
||
| 005 | 20250128113143.0 | ||
| 008 | s2554 th ||||| |||| 00| 0 tha d | ||
| 020 | _a9786167536132 | ||
| 040 | _aNALT | ||
| 050 |
_aHF 5386 _bต278ว 2554 |
||
| 100 | 0 |
_aดุลยปวีณ กรณ์แสง _936517 |
|
| 245 | 1 | 0 |
_aวิถี (ไม่) ตัน ฉบับตัน ภาสกรนที / _cดุลยปวีณ กรณ์แสง. |
| 250 | _aพิมพ์ครั้งที่ 9 | ||
| 260 |
_aกรุงเทพฯ : _bกรุงเทพธุรกิจ, _c2554. |
||
| 300 |
_a192 หน้า : _bภาพประกอบ ; _c21 ซม. |
||
| 600 | 0 | 4 |
_936518 _aตัน ภาสกรนที _xทัศนะเกี่ยวกับการบริหารธุรกิจ |
| 650 | 0 |
_aความสำเร็จทางธุรกิจ _96209 |
|
| 650 | 4 |
_aการทำงาน _96622 |
|
| 650 | 0 |
_aการบริหารธุรกิจ _99125 |
|
| 650 | 0 |
_aนักธุรกิจ _zไทย _934855 |
|
| 850 | _aNALT | ||
| 942 |
_cGB _2lcc |
||
| 998 |
_j1020 _k นางจำเรียง ระวังสำโรง |
||